[Event "World Senior Teams +50"]
[Site "Radebeul GER"]
[Date "2016.06.26"]
[Round "1.14"]
[Board "2"]
[White "Mednikova, Svetlana"]
[Black "Kock, Hans-Uwe"]
[Result "1/2-1/2"]
[WhiteTitle "WGM"]
[BlackTitle "FM"]
[WhiteElo "2180"]
[BlackElo "2004"]
[WhiteTeam "Russia Women"]
[BlackTeam "Liechtenstein"]
[WhiteFideId "4109961"]
[BlackFideId "4611020"]
[EventDate "2016.06.26"]

1. e4 c6 2. d3 d5 3. Nd2 g6 4. Ngf3 Bg7 5. g3 Nf6 6. Bg2 O-O 7. O-O e6 8. e5
Nfd7 9. d4 c5 10. c3 Nc6 11. Re1 cxd4 12. cxd4 a5 13. Nf1 b5 14. Bg5 Qb6 15. Qd2
Ba6 16. Rad1 Rae8 17. Bh6 f6 18. exf6 Nxf6 19. Bxg7 Kxg7 20. Ng5 Bc8 21. h4 h6
22. Nh3 e5 23. dxe5 Nxe5 24. Nf4 Bg4 25. Qd4 Qxd4 26. Rxd4 Nf3+ 27. Bxf3 Rxe1
28. Bxg4 Nxg4 29. Rxd5 Rc8 30. Kg2 Rcc1 31. Nd2 Rg1+ 32. Kf3 Nh2+ 33. Ke2 Rge1+
34. Kd3 Rcd1 35. Kc2 Rc1+ 36. Kd3 Ng4 37. Rxb5 Nxf2+ 38. Kd4 Rcd1 39. Rb7+ Kg8
40. Kc3 Re3+ 41. Kc2 Re8 42. Nc4 g5 43. hxg5 hxg5 44. Nh5 Re2+ 45. Kb3 Ne4 46.
Rb8+ Kh7 47. Ka4 Rd4 48. b3 Rxa2+ 49. Kb5 Nd6+ 50. Kc5 Nf5 51. g4 Rxc4+ 52. bxc4
Ne3 53. Nf6+ Kg6 54. Ne4 Nxg4 55. Rg8+ Kf5 56. Nxg5 1/2-1/2

[Event "World Senior Teams +50"]
[Site "Radebeul GER"]
[Date "2016.06.26"]
[Round "1.14"]
[Board "3"]
[White "Iclicki, Willy"]
[Black "Kozlovskaya, Valentina"]
[Result "0-1"]
[BlackTitle "WGM"]
[WhiteElo "1970"]
[BlackElo "2218"]
[WhiteTeam "Liechtenstein"]
[BlackTeam "Russia Women"]
[WhiteFideId "200450"]
[BlackFideId "4107098"]
[EventDate "2016.06.26"]

1. d4 Nf6 2. c4 d6 3. Nc3 g6 4. e4 Bg7 5. f4 O-O 6. Nf3 c6 7. Be2 a6 8. a4 a5 9.
O-O Na6 10. h3 Nb4 11. Be3 Bd7 12. Qd2 Ne8 13. Rad1 f5 14. e5 d5 15. cxd5 cxd5
16. Bb5 Nc7 17. Qe2 e6 18. Rc1 Rc8 19. Bd2 Re8 20. Bxd7 Qxd7 21. Nb5 Nxb5 22.
Qxb5 Qxb5 23. axb5 Bf8 24. Bxb4 Bxb4 25. Kf2 h6 26. Ke2 Kf7 27. Kd3 Ke7 28. g4
Kf7 29. gxf5 gxf5 30. Rg1 Be7 31. Ra1 Bd8 32. Nd2 b6 33. Nf3 Rc4 34. Rg2 Rg8 35.
Rxg8 Kxg8 36. Nd2 Rb4 37. Rc1 Kf7 38. b3 Rxb5 39. Rc8 Ke7 40. Ra8 Kd7 41. Ra7+
Bc7 42. Ra8 h5 43. Rh8 Bd8 44. Rxh5 a4 45. bxa4 Ra5 46. Rh7+ Be7 47. Rh8 Rxa4
48. Rb8 Ra3+ 49. Ke2 Bd8 50. Rb7+ Bc7 0-1

[Event "World Senior Teams +50"]
[Site "Radebeul GER"]
[Date "2016.06.26"]
[Round "1.14"]
[Board "4"]
[White "Fatalibekova, Elena"]
[Black "Guller, Andras"]
[Result "0-1"]
[WhiteTitle "WGM"]
[BlackTitle "CM"]
[WhiteElo "2227"]
[BlackElo "2013"]
[WhiteTeam "Russia Women"]
[BlackTeam "Liechtenstein"]
[WhiteFideId "4106792"]
[BlackFideId "12000078"]
[EventDate "2016.06.26"]

1. e4 c5 2. Nf3 e6 3. d4 cxd4 4. Nxd4 a6 5. Bd3 Nf6 6. c4 Nc6 7. Nxc6 dxc6 8.
O-O e5 9. Qe2 Bg4 10. f3 Bc5+ 11. Be3 Bxe3+ 12. Qxe3 Be6 13. Nc3 O-O 14. Rfd1
Qe7 15. a3 a5 16. Na4 Nd7 17. Be2 Rab8 18. c5 Rfd8 19. Rac1 Nf8 20. Qc3 Qg5 21.
Kh1 Ng6 22. Bf1 Rd4 23. Qxa5 Bb3 24. Rxd4 Qxc1 25. Rd8+ Nf8 0-1

[Event "World Senior Teams +50"]
[Site "Radebeul GER"]
[Date "2016.06.26"]
[Round "1.15"]
[Board "1"]
[White "Vogelmann, Peter"]
[Black "Giulian, Philip M"]
[Result "1/2-1/2"]
[BlackTitle "FM"]
[WhiteElo "2227"]
[BlackElo "2127"]
[WhiteTeam "SF Monheim Revival"]
[BlackTeam "Scotland"]
[WhiteFideId "4634330"]
[BlackFideId "2400197"]
[EventDate "2016.06.26"]

1. e4 e6 2. Nf3 d5 3. Nc3 Nf6 4. e5 Nfd7 5. d4 c5 6. dxc5 Nc6 7. Bf4 a6 8. a3
Nxc5 9. Bd3 Be7 10. h4 Qb6 11. b4 Nxd3+ 12. Qxd3 Bd7 13. h5 O-O 14. h6 g6 15.
O-O Rac8 16. Rfe1 Qc7 17. Bd2 Na7 18. Nd4 Nc6 19. Nf3 Na7 20. Nd4 Nc6 21. Nf3 1/2-1/2

[Event "World Senior Teams +50"]
[Site "Radebeul GER"]
[Date "2016.06.26"]
[Round "1.15"]
[Board "2"]
[White "Findlay, David John"]
[Black "Huelsmann, Josef"]
[Result "1/2-1/2"]
[WhiteElo "2132"]
[BlackElo "2211"]
[WhiteTeam "Scotland"]
[BlackTeam "SF Monheim Revival"]
[WhiteFideId "2400278"]
[BlackFideId "4607929"]
[EventDate "2016.06.26"]

1. e4 e6 2. d4 d5 3. e5 b6 4. c3 Qd7 5. Nf3 Ne7 6. a4 a5 7. Na3 Ba6 8. Nb5 Nc8
9. Bd3 c6 10. Na3 Bxd3 11. Qxd3 Be7 12. O-O Na6 13. Re1 Nc7 14. Nc2 b5 15. axb5
cxb5 16. Bg5 Nb6 17. Bxe7 Qxe7 18. Nd2 Nc4 19. Ra2 O-O 20. Nb3 f6 21. exf6 Rxf6
22. Nc5 a4 23. Ne3 Raf8 24. Ng4 Rf4 25. f3 Qd6 26. b3 axb3 27. Nxb3 b4 28. Ne5
Nxe5 29. Rxe5 bxc3 30. Qxc3 Qb6 31. Rc2 R4f7 32. Nc5 Qb1+ 33. Re1 Qb6 34. Rce2
Re7 35. Qb2 Rb8 36. Qd2 Qd6 37. Re5 Rb6 38. Qe3 Qc6 39. f4 g6 40. f5 gxf5 41.
Rxf5 Rg7 42. Rg5 Rg6 43. Qg3 e5 44. Rxg6+ Qxg6 45. Qxg6+ hxg6 46. dxe5 Kf7 47.
h4 Ke7 48. Kf2 Rb4 49. g3 Rc4 50. Nd3 Ne6 51. Ra1 Rd4 52. Ra7+ Kf8 53. Ke3 Re4+
54. Kf2 Rd4 55. Ke3 Re4+ 56. Kf2 1/2-1/2

[Event "World Senior Teams +50"]
[Site "Radebeul GER"]
[Date "2016.06.26"]
[Round "1.15"]
[Board "3"]
[White "Weisshaupt, Rainer"]
[Black "Giulian, Rosemary A"]
[Result "1/2-1/2"]
[WhiteElo "2114"]
[BlackElo "1864"]
[WhiteTeam "SF Monheim Revival"]
[BlackTeam "Scotland"]
[WhiteFideId "4621689"]
[BlackFideId "2400375"]
[EventDate "2016.06.26"]

1. d4 e6 2. c4 Nf6 3. Nc3 Bb4 4. e3 O-O 5. Bd3 d5 6. Nf3 c5 7. O-O Nc6 8. a3
Bxc3 9. bxc3 b6 10. Bb2 cxd4 11. cxd4 Bb7 12. Qe2 Qe7 13. Rfc1 dxc4 14. Bxc4 Na5
15. Ba2 Rfc8 16. Ne5 Rxc1+ 17. Rxc1 Rc8 18. Rxc8+ Bxc8 19. Qc2 Bb7 20. f3 Nd5
21. e4 Qc7 22. Qxc7 Nxc7 23. Kf2 Nc6 24. Nd3 Ba6 25. Nb4 Nxb4 26. axb4 Bb7 27.
Bc4 b5 28. Bb3 Kf8 29. Bc3 1/2-1/2

[Event "World Senior Teams +50"]
[Site "Radebeul GER"]
[Date "2016.06.26"]
[Round "1.15"]
[Board "4"]
[White "Jennings, Richard"]
[Black "Ponater, Michael"]
[Result "1-0"]
[WhiteElo "1855"]
[BlackElo "2159"]
[WhiteTeam "Scotland"]
[BlackTeam "SF Monheim Revival"]
[WhiteFideId "2404435"]
[BlackFideId "4623983"]
[EventDate "2016.06.26"]

1. c4 e5 2. Nc3 d6 3. d3 g6 4. g3 Bg7 5. Bg2 Nc6 6. Rb1 f5 7. e4 Nge7 8. Nge2
O-O 9. O-O Be6 10. Nd5 Qd7 11. b4 Rae8 12. b5 Nd8 13. Bg5 Bxd5 14. cxd5 fxe4 15.
dxe4 Qg4 16. Be3 Nf7 17. Rc1 Qd7 18. Qd2 Nc8 19. a4 Bf6 20. h4 h5 21. Kh2 Kh7
22. Bh3 Qe7 23. Ng1 g5 24. Bf5+ Kg7 25. Nf3 g4 26. Ng5 Bxg5 27. hxg5 Nh8 28. g6
Nxg6 29. Bh6+ Kh7 30. Bxf8 Rxf8 31. Kg2 Kg7 32. Rh1 h4 33. Bxg4 1-0

[Event "World Senior Teams +50"]
[Site "Radebeul GER"]
[Date "2016.06.26"]
[Round "1.16"]
[Board "2"]
[White "Rust-Lux, Klaus"]
[Black "Spiess, Thomas"]
[Result "0-1"]
[WhiteElo "2074"]
[BlackElo "1985"]
[WhiteTeam "Werder/BSG Bremen"]
[BlackTeam "HannoBer"]
[WhiteFideId "24682047"]
[BlackFideId "4646959"]
[EventDate "2016.06.26"]

1. d4 d5 2. c4 c6 3. Nf3 Nf6 4. Nc3 e6 5. e3 Nbd7 6. Bd3 dxc4 7. Bxc4 b5 8. Bd3
Bb7 9. e4 b4 10. Na4 c5 11. e5 Nd5 12. O-O cxd4 13. Re1 Be7 14. Nxd4 Qb8 15. Qe2
a6 16. Bd2 Qa7 17. Nf3 h6 18. Rac1 g6 19. Rc2 Kf8 20. Rec1 Kg7 21. Rc4 Rac8 22.
Nd4 Rxc4 23. Rxc4 N7b6 24. Nxe6+ fxe6 25. Qg4 Nxc4 26. Qxg6+ Kf8 27. Qxe6 Qd4
28. Bxh6+ Ke8 29. Nc5 Qxc5 30. Bf5 Qc6 0-1

[Event "World Senior Teams +50"]
[Site "Radebeul GER"]
[Date "2016.06.26"]
[Round "1.16"]
[Board "3"]
[White "Hoffmann, Michael4"]
[Black "Franke, Reiner"]
[Result "1/2-1/2"]
[WhiteElo "1931"]
[BlackElo "2274"]
[WhiteTeam "HannoBer"]
[BlackTeam "Werder/BSG Bremen"]
[WhiteFideId "4694376"]
[BlackFideId "4603680"]
[EventDate "2016.06.26"]

1. d4 Nf6 2. Nf3 g6 3. b3 Bg7 4. Bb2 d5 5. e3 Bg4 6. Be2 O-O 7. O-O Ne4 8. c4 c6
9. Nc3 Nxc3 10. Bxc3 Re8 11. Re1 e6 12. Rc1 Nd7 13. h3 Bxf3 14. Bxf3 f5 15. Qe2
Qc7 16. g3 Rad8 17. Bg2 dxc4 18. Qxc4 Nb6 19. Ba5 Qd7 20. Bxb6 axb6 21. a4 1/2-1/2

[Event "World Senior Teams +50"]
[Site "Radebeul GER"]
[Date "2016.06.26"]
[Round "1.16"]
[Board "4"]
[White "Heinemann, Lars"]
[Black "Dellos, Peter"]
[Result "1-0"]
[WhiteElo "2040"]
[BlackElo "1890"]
[WhiteTeam "Werder/BSG Bremen"]
[BlackTeam "HannoBer"]
[WhiteFideId "4630181"]
[BlackFideId "16203291"]
[EventDate "2016.06.26"]

1. Nc3 e5 2. Nf3 Nc6 3. d4 exd4 4. Nxd4 Nxd4 5. Qxd4 Nf6 6. e4 d6 7. h3 Be7 8.
g4 O-O 9. Bg2 c6 10. Bf4 Be6 11. Rd1 Ne8 12. O-O Qc8 13. Bg3 Bf6 14. Qd3 b5 15.
b3 Be7 16. a4 b4 17. Nb1 a5 18. Kh2 c5 19. Nd2 Qa6 20. Qxa6 Rxa6 21. f4 f6 22.
Rfe1 Nc7 23. Bf1 Raa8 24. Bc4 Bxc4 25. Nxc4 Ne6 26. Kg2 Nd4 27. Rd2 Rfd8 28. Nb6
Ra7 29. Bf2 Ne6 30. Kf3 Nc7 31. Red1 Ne6 32. h4 Re8 33. Nc4 Ra6 34. Nxd6 Bxd6
35. Rxd6 Raa8 36. f5 Nd4+ 37. Bxd4 cxd4 38. R6xd4 Rac8 39. R1d2 Rc3+ 40. Kf4
Rec8 41. Rd8+ Rxd8 42. Rxd8+ Kf7 43. Rd7+ Kf8 44. Rd2 Ke7 45. Rh2 Kf7 46. e5
fxe5+ 47. Kxe5 Ke7 48. g5 Re3+ 49. Kf4 Re1 50. Kf3 Rf1+ 51. Rf2 Rh1 52. Kg4 g6
53. f6+ Kf7 54. Rd2 Rg1+ 55. Kf3 Rh1 56. Rd7+ Kg8 57. Rg7+ Kh8 58. Re7 Kg8 59.
Rg7+ Kh8 60. Ra7 Kg8 61. Rxa5 Rxh4 62. Ra7 h5 63. Rg7+ 1-0

[Event "World Senior Teams +50"]
[Site "Radebeul GER"]
[Date "2016.06.26"]
[Round "1.17"]
[Board "1"]
[White "Denk, Adolf"]
[Black "Wilen, Eero"]
[Result "1-0"]
[WhiteTitle "FM"]
[WhiteElo "2256"]
[BlackElo "2061"]
[WhiteTeam "Austria"]
[BlackTeam "Finland"]
[WhiteFideId "1600990"]
[BlackFideId "501042"]
[EventDate "2016.06.26"]

1. d4 Nf6 2. Nf3 e6 3. c4 b6 4. a3 Ba6 5. Qc2 c5 6. dxc5 Bxc5 7. e3 O-O 8. b4
Be7 9. Bb2 d5 10. Nbd2 Nbd7 11. Rc1 dxc4 12. Nxc4 Bb7 13. Bd3 Rc8 14. Qe2 Bxf3
15. gxf3 b5 16. Na5 Rxc1+ 17. Bxc1 Ne5 18. Bxb5 Qd5 19. Kf1 Rc8 20. Kg2 Nxf3 21.
Qxf3 Qxb5 22. Rd1 Nd5 23. Bb2 Rc2 24. Bd4 a6 25. e4 Nf6 26. Nb3 Qg5+ 27. Kh1 h5
28. Rg1 Ng4 29. Qd1 Ra2 30. Rg2 Qf4 31. Kg1 Bd6 32. h3 Nf6 33. Bxf6 Qxf6 34.
Qxd6 Rxa3 35. Nc5 Rxh3 36. e5 Qh4 37. Kf1 Qc4+ 38. Ke1 Rh1+ 39. Kd2 Qa2+ 40. Ke3
Qa3+ 41. Nd3 Re1+ 42. Kf4 Rd1 43. Qd8+ Kh7 44. Qf8 1-0

[Event "World Senior Teams +50"]
[Site "Radebeul GER"]
[Date "2016.06.26"]
[Round "1.17"]
[Board "2"]
[White "Mottonen, Ari"]
[Black "Druckenthaner, Andreas"]
[Result "0-1"]
[BlackTitle "FM"]
[WhiteElo "1987"]
[BlackElo "2281"]
[WhiteTeam "Finland"]
[BlackTeam "Austria"]
[WhiteFideId "504360"]
[BlackFideId "1600567"]
[EventDate "2016.06.26"]

1. Nf3 f5 2. d4 Nf6 3. g3 e6 4. Bg2 Be7 5. O-O O-O 6. c4 d6 7. Nc3 Ne4 8. Qc2
Nxc3 9. Qxc3 a5 10. Qc2 Nc6 11. a3 e5 12. dxe5 dxe5 13. Rd1 Qe8 14. b3 e4 15.
Ne1 Bf6 16. Bb2 Qe7 17. f4 Qc5+ 18. Kh1 Be6 19. Bxf6 Rxf6 20. Qc3 a4 21. e3 b6
22. Bf1 axb3 23. Qxb3 Na5 24. Qc3 Bxc4 25. Nc2 Bxf1 26. Qxc5 bxc5 27. Rxf1 Rd6
28. Rf2 Rb8 29. Kg2 Rb2 30. h3 Nc4 31. Re1 Rd2 0-1

[Event "World Senior Teams +50"]
[Site "Radebeul GER"]
[Date "2016.06.26"]
[Round "1.17"]
[Board "3"]
[White "Ernst, Michael"]
[Black "Munukka, Timo"]
[Result "1-0"]
[WhiteElo "2134"]
[BlackElo "1945"]
[WhiteTeam "Austria"]
[BlackTeam "Finland"]
[WhiteFideId "1618393"]
[BlackFideId "502723"]
[EventDate "2016.06.26"]

1. d4 Nf6 2. Bf4 d5 3. e3 g6 4. Nf3 Bg7 5. h3 O-O 6. Be2 c5 7. c3 b6 8. O-O Nc6
9. Nbd2 Bb7 10. Ne5 Nd7 11. Nxc6 Bxc6 12. Qc2 Rc8 13. Ba6 Ra8 14. Rfd1 b5 15. a4
bxa4 16. Be2 c4 17. Bf3 Qb6 18. e4 e6 19. Re1 Rfe8 20. Ra2 f5 21. exd5 exd5 22.
Rea1 Nf6 23. Qc1 Rad8 24. Bd1 Re1+ 25. Nf1 Re7 26. Bxa4 Bxa4 27. Rxa4 Rdd7 28.
Ne3 Qd8 29. R1a2 Qe8 30. Qa1 Qf7 31. Ra6 Rb7 32. Bd6 Re6 33. R2a5 Qd7 34. Bc5 f4
35. Nf1 Rxa6 36. Rxa6 Qb5 37. Bb4 Qd7 38. Nd2 Ne4 39. Nxe4 dxe4 40. Qe1 Qf5 41.
Qe2 Qd5 42. Rd6 f3 43. gxf3 Qg5+ 44. Kf1 exf3 45. Qxf3 Rf7 46. Qd5 Qc1+ 47. Kg2
Qf4 48. Rd8+ Bf8 49. Rxf8+ Kg7 50. Rxf7+ 1-0

[Event "World Senior Teams +50"]
[Site "Radebeul GER"]
[Date "2016.06.26"]
[Round "1.17"]
[Board "4"]
[White "Karppinen, Martti"]
[Black "Gattermayer, Robert"]
[Result "1-0"]
[WhiteElo "1916"]
[BlackElo "2003"]
[WhiteTeam "Finland"]
[BlackTeam "Austria"]
[WhiteFideId "507369"]
[BlackFideId "1602870"]
[EventDate "2016.06.26"]

1. d4 Nf6 2. c4 e5 3. d5 Bc5 4. Nc3 O-O 5. Nh3 d6 6. g3 Bf5 7. Bg2 Qd7 8. Ng5 h6
9. Nge4 Nxe4 10. Nxe4 Bb4+ 11. Bd2 Bxd2+ 12. Nxd2 Bh3 13. O-O Bxg2 14. Kxg2 f5
15. Nf3 Qf7 16. b4 Nd7 17. Rc1 b6 18. Qc2 Kh8 19. Rh1 a5 20. a3 axb4 21. axb4
Ra3 22. Ra1 Rfa8 23. Rxa3 Rxa3 24. Qb2 Ra4 25. Ra1 b5 26. Rxa4 bxa4 27. Qa2 Nb6
28. Nd2 g5 29. h3 Qd7 30. b5 Kg7 31. Nb1 Qc8 32. Nc3 Qa8 33. Nd1 Qa5 34. Ne3 Kf6
35. Qc2 e4 36. Qb2+ Kg6 37. g4 a3 38. gxf5+ Kf7 39. Qh8 Qa8 40. Qh7+ Kf8 41. f6
Nc8 42. Qg7+ Ke8 43. f7+ Kd7 44. f8=R+ Ne7 45. Rxa8 1-0

[Event "World Senior Teams +50"]
[Site "Radebeul GER"]
[Date "2016.06.26"]
[Round "1.18"]
[Board "1"]
[White "Siggelkow, Axel"]
[Black "Kyas, Juergen"]
[Result "1-0"]
[WhiteElo "2038"]
[BlackElo "2190"]
[WhiteTeam "BSV Chemie Radebeul"]
[BlackTeam "SV Eiche Reichenbrand"]
[WhiteFideId "24681350"]
[BlackFideId "4618157"]
[EventDate "2016.06.26"]

1. d4 Nf6 2. Nf3 g6 3. g3 Bg7 4. Bg2 d5 5. c4 dxc4 6. O-O O-O 7. Na3 c3 8. bxc3
c5 9. Nc2 Nc6 10. Bb2 Bf5 11. Ne3 Be4 12. dxc5 Qa5 13. Qc1 Qxc5 14. c4 Rfd8 15.
Nd2 Bxg2 16. Nb3 Qh5 17. Nxg2 Qxe2 18. Re1 Qf3 19. Re3 Qf5 20. Re2 Rac8 21. Qf1
Ng4 22. Bxg7 Kxg7 23. Ne3 Qh5 24. Nxg4 Qxg4 25. Rc1 e6 26. Re3 h5 27. h3 Qf5 28.
Kg2 Nd4 29. Qe1 Rxc4 30. Rxc4 Qd5+ 31. Re4 Qxc4 32. Rxd4 Rxd4 33. Qe5+ Kg8 34.
Qxd4 Qc6+ 35. Kg1 b6 36. Qd8+ Kh7 37. Nd4 Qa4 38. Qf6 Kg8 39. Nxe6 Qd1+ 40. Kh2
fxe6 41. Qxg6+ Kf8 42. Qf6+ Kg8 43. Qxe6+ Kg7 44. Qe7+ Kg8 45. Qxa7 Qd4 46. Qb8+
Kh7 47. Qf4 Qb2 48. Qf7+ Kh6 49. a4 Kg5 50. Qf4+ Kg6 51. g4 1-0

[Event "World Senior Teams +50"]
[Site "Radebeul GER"]
[Date "2016.06.26"]
[Round "1.18"]
[Board "3"]
[White "Hoffmann, Uwe1"]
[Black "Doering, Hans-Ulrich"]
[Result "1/2-1/2"]
[WhiteElo "1943"]
[BlackElo "2131"]
[WhiteTeam "BSV Chemie Radebeul"]
[BlackTeam "SV Eiche Reichenbrand"]
[WhiteFideId "4680332"]
[BlackFideId "24642495"]
[EventDate "2016.06.26"]

1. c4 Nf6 2. g3 c6 3. Bg2 d5 4. Nf3 g6 5. d4 dxc4 6. a4 Bg7 7. Na3 Bf5 8. Nxc4
O-O 9. O-O Qc8 10. Re1 Na6 11. Bd2 Ne4 12. Be3 Nd6 13. Nce5 Nb4 14. Rc1 Nd5 15.
Bd2 Be4 16. e3 f6 17. Nc4 Qd7 18. Nxd6 exd6 19. Ne5 dxe5 20. Bxe4 exd4 21. exd4
f5 22. Bg2 Bxd4 23. Bh6 Bg7 24. Bxg7 Kxg7 25. Bxd5 Qxd5 26. Qxd5 cxd5 27. Red1
Rad8 28. Rc5 1/2-1/2

[Event "World Senior Teams +50"]
[Site "Radebeul GER"]
[Date "2016.06.26"]
[Round "1.18"]
[Board "4"]
[White "Koetzsch, Ulrich"]
[Black "Muehlberg, Frank"]
[Result "1-0"]
[WhiteElo "2106"]
[BlackElo "1929"]
[WhiteTeam "SV Eiche Reichenbrand"]
[BlackTeam "BSV Chemie Radebeul"]
[WhiteFideId "4689771"]
[BlackFideId "4680235"]
[EventDate "2016.06.26"]

1. d4 d5 2. Nf3 Nf6 3. e3 Bg4 4. Be2 e6 5. Ne5 Bxe2 6. Qxe2 Nbd7 7. f4 Ne4 8.
O-O g6 9. c4 dxc4 10. Qxc4 Nd6 11. Qc2 Bg7 12. Qa4 c6 13. Bd2 Qc7 14. Bb4 Nb6
15. Qa3 Nb5 16. Qb3 Nd5 17. a4 Nd6 18. Ba3 Bf8 19. Nd2 Be7 20. e4 Nb6 21. f5 f6
22. Qxe6 fxe5 23. f6 Rd8 24. dxe5 Ndc8 25. fxe7 1-0

[Event "World Senior Teams +50"]
[Site "Radebeul GER"]
[Date "2016.06.26"]
[Round "1.19"]
[Board "1"]
[White "Gregor, George"]
[Black "Daemering, Katrin"]
[Result "1-0"]
[BlackTitle "WFM"]
[WhiteElo "2226"]
[BlackElo "2040"]
[WhiteTeam "Sachsen-Anhalt"]
[BlackTeam "TSG Markkleeberg von 1903"]
[WhiteFideId "4640330"]
[BlackFideId "4612604"]
[EventDate "2016.06.26"]

1. Nf3 d6 2. g3 Nf6 3. c4 c5 4. Bg2 g6 5. d4 cxd4 6. Nxd4 Bg7 7. O-O O-O 8. Nc3
Nbd7 9. b3 a6 10. Bb2 Nc5 11. Rc1 Rb8 12. Re1 Bd7 13. Qd2 Ng4 14. Rcd1 Bh6 15.
Qc2 b5 16. cxb5 axb5 17. h3 Nf6 18. b4 Na6 19. a3 Qb6 20. Qd3 Bg7 21. e3 Nc7 22.
Rc1 e5 23. Nb3 Be6 24. Na5 d5 25. Ne2 Qd6 26. Rc6 Qd7 27. Bxe5 Rbc8 28. Rec1
Nfe8 29. Bxg7 Kxg7 30. Nf4 Rd8 31. Qd4+ Kg8 32. h4 Bf5 33. Qb6 Ne6 34. Nxd5 Kg7
35. e4 Bg4 36. f3 Bh5 37. Nb3 g5 38. Nc5 Nxc5 39. Qxc5 gxh4 40. g4 Bg6 41. Qxb5
Qa7+ 42. Qb6 Qa8 43. a4 Rb8 44. Qd4+ f6 45. g5 Qxa4 46. gxf6+ Kh8 47. e5 Rd8 48.
Kh2 Qa2 49. Rd1 h3 50. Kxh3 Bf5+ 51. Kh2 Qa8 52. Qc5 Rf7 53. Ne3 Rxd1 54. Nxd1
Bd7 55. Rc7 Qa2 56. Ne3 h6 57. Qd5 1-0

[Event "World Senior Teams +50"]
[Site "Radebeul GER"]
[Date "2016.06.26"]
[Round "1.19"]
[Board "2"]
[White "Siebenhuener, Michael"]
[Black "Dietze, Frank"]
[Result "1/2-1/2"]
[WhiteElo "2034"]
[BlackElo "2135"]
[WhiteTeam "TSG Markkleeberg von 1903"]
[BlackTeam "Sachsen-Anhalt"]
[WhiteFideId "4659805"]
[BlackFideId "4680979"]
[EventDate "2016.06.26"]

1. e4 c5 2. Nf3 Nc6 3. c4 g6 4. d4 cxd4 5. Nxd4 Nf6 6. Nc3 d6 7. Be2 Nxd4 8.
Qxd4 Bg7 9. Be3 O-O 10. Qd2 Be6 11. Rc1 Qa5 12. f3 Rfc8 13. b3 h5 14. O-O Kh7
15. Rc2 Qd8 16. Rd1 Qf8 17. Nb5 Bh6 18. Nd4 Bd7 19. Bd3 Bxe3+ 20. Qxe3 Qh6 21.
Qf2 a5 22. a4 Rc5 23. Ne2 Rac8 24. Rdc1 Be6 25. Nd4 Bd7 26. Ne2 Kg8 27. Nc3 Be6
28. Re1 Kf8 29. Rce2 Nd7 30. Bb1 Ne5 31. f4 Ng4 32. Qf3 Qg7 33. h3 Nh6 34. Qd3
Bd7 35. Qd2 1/2-1/2

[Event "World Senior Teams +50"]
[Site "Radebeul GER"]
[Date "2016.06.26"]
[Round "1.19"]
[Board "4"]
[White "Beuger, Ronald"]
[Black "Katz, Roland"]
[Result "0-1"]
[WhiteElo "1776"]
[BlackElo "2057"]
[WhiteTeam "TSG Markkleeberg von 1903"]
[BlackTeam "Sachsen-Anhalt"]
[WhiteFideId "24622982"]
[BlackFideId "4623916"]
[EventDate "2016.06.26"]

1. Nf3 c6 2. g3 d5 3. Bg2 Nf6 4. b3 Bg4 5. Ne5 Bh5 6. Bb2 Nbd7 7. Nf3 e6 8. d3
Bd6 9. c4 O-O 10. O-O Qe7 11. Nbd2 Rfd8 12. Re1 Nc5 13. b4 Ncd7 14. a3 a5 15. c5
Bc7 16. Qb3 e5 17. e4 Bg6 18. Nh4 d4 19. Nxg6 hxg6 20. Nc4 Qe6 21. Qc2 Ra6 22.
Qd2 Rda8 23. f4 exf4 24. gxf4 Qg4 25. e5 Nd5 26. Rf1 axb4 27. axb4 Rxa1 28. Bxa1
Nxf4 29. Kh1 Qxg2+ 30. Qxg2 Nxg2 31. Kxg2 Nxe5 0-1

[Event "World Senior Teams +50"]
[Site "Radebeul GER"]
[Date "2016.06.26"]
[Round "1.20"]
[Board "2"]
[White "Pruefer, Friedbert"]
[Black "Schmidt, Hans-Gerd"]
[Result "1-0"]
[WhiteElo "2165"]
[BlackElo "1935"]
[WhiteTeam "Schachfreunde Leipzig 50+"]
[BlackTeam "TuS Coswig 1920"]
[WhiteFideId "24699772"]
[BlackFideId "4657918"]
[EventDate "2016.06.26"]

1. d4 Nf6 2. c4 g6 3. Nc3 Bg7 4. e4 d6 5. f4 O-O 6. Nf3 c5 7. Be2 cxd4 8. Nxd4
Nc6 9. Be3 a6 10. O-O Bd7 11. Rc1 Ng4 12. Bxg4 Bxg4 13. Nxc6 Qd7 14. Nxe7+ Kh8
15. Qd3 Qxe7 16. Nd5 Qd8 17. Bb6 Qd7 18. Bd4 Qd8 19. Bxg7+ Kxg7 20. Qd4+ f6 21.
h3 Be6 22. Nb6 Rb8 23. Rfd1 1-0

[Event "World Senior Teams +50"]
[Site "Radebeul GER"]
[Date "2016.06.26"]
[Round "1.20"]
[Board "3"]
[White "Eiselt, Peter"]
[Black "Teichgraeber, Michael"]
[Result "1/2-1/2"]
[WhiteElo "2012"]
[BlackElo "2081"]
[WhiteTeam "TuS Coswig 1920"]
[BlackTeam "Schachfreunde Leipzig 50+"]
[WhiteFideId "24638161"]
[BlackFideId "4683129"]
[EventDate "2016.06.26"]

1. c4 g6 2. Nc3 Bg7 3. d4 d6 4. Nf3 Nd7 5. e4 e5 6. Be3 Ngf6 7. h3 c6 8. Qd2 Qe7
9. Bd3 a6 10. d5 c5 11. O-O h6 12. a4 a5 13. Nb5 Ra6 14. Nc7+ Kf8 15. Nxa6 bxa6
16. Qxa5 Kg8 17. Rfb1 g5 18. Qc7 Kh7 19. b4 g4 20. Nh4 gxh3 1/2-1/2